[Event "Kiev Spring op"]
[Site "Kiev"]
[Date "2021.07.14"]
[Round "6"]
[White "Herasymenko, Maksym"]
[Black "Tashkinova, Sofiia"]
[Result "1-0"]
[WhiteElo "1957"]
[BlackElo "1708"]
[PlyCount "139"]
[EventDate "2021.07.10"]
[EventType "swiss"]
[EventRounds "9"]
[EventCountry "UKR"]
[SourceTitle "EXT 2024"]
[Source "ChessBase"]
[SourceDate "2023.10.10"]
[SourceVersion "1"]
[SourceVersionDate "2023.10.10"]
[SourceQuality "1"]

1. d4 d5 2. c4 c6 3. Nf3 Nf6 4. Nc3 a6 5. a4 e6 6. Bg5 h6 7. Bxf6 Qxf6 8. e3 Bd6 9. Be2 Nd7 10. 0-0 0-0 11. Qc2 Qe7 12. e4 dxc4 13. Bxc4 c5 14. d5 Nb6 15. Ba2 exd5 16. exd5 Bg4 17. Qe4 Qxe4 18. Nxe4 Bxf3 19. Nxd6 Bxd5 20. Bxd5 Nxd5 21. Nxb7 Rfc8 22. Rfd1 Nb6 23. Nd6 Rc6 24. a5 Nc8 25. Nc4 f6 26. Rd8+ Kh7 27. g3 Ra7 28. Re1 Re7 29. Rxe7 Nxe7 30. Nb6 Nf5 31. Ra8 Nd6 32. b3 Nb7 33. Nc4 Kg6 34. Kg2 Nd6 35. Nxd6 Rxd6 36. Rc8 Rd5 37. Rc6 c4 38. b4 Rd4 39. Rxa6 c3 40. Rc6 Rxb4 41. Rxc3 Ra4 42. Rc5 Ra3 43. g4 Kf7 44. h4 Ke6 45. Rc7 Rxa5 46. Rxg7 h5 47. g5 fxg5 48. Rxg5 Ra3 49. Rxh5 Kf6 50. Rg5 Ra7 51. Kg3 Rh7 52. Kg4 Rh8 53. h5 Ra8 54. f4 Ra1 55. Rg6+ Kf7 56. Kg5 Rg1+ 57. Kh6 Rf1 58. Rg4 Rh1 59. Kg5 Kg7 60. Rh4 Rg1+ 61. Kf5 Kh6 62. Rg4 Rf1 63. Rg5 Rf2 64. Ke5 Rf1 65. Rg2 Kxh5 66. f5 Kh6 67. f6 Re1+ 68. Kd6 Ra1 69. f7 Rd1+ 70. Ke6 1-0

[Event "Kiev Spring op"]
[Site "Kiev"]
[Date "2021.07.11"]
[Round "2"]
[White "Herasymenko, Maksym"]
[Black "Kislinsky, Alexey"]
[Result "0-1"]
[WhiteElo "1957"]
[BlackElo "2404"]
[PlyCount "304"]
[EventDate "2021.07.10"]
[EventType "swiss"]
[EventRounds "9"]
[EventCountry "UKR"]
[SourceTitle "EXT 2024"]
[Source "ChessBase"]
[SourceDate "2023.10.10"]
[SourceVersion "1"]
[SourceVersionDate "2023.10.10"]
[SourceQuality "1"]

1. d4 e6 2. Nf3 c5 3. e3 Nf6 4. c4 cxd4 5. exd4 d5 6. Nc3 Be7 7. cxd5 Nxd5 8. Bb5+ Bd7 9. Bxd7+ Qxd7 10. Ne5 Nxc3 11. bxc3 Qd5 12. 0-0 Nc6 13. Nxc6 Qxc6 14. Qb3 Rc8 15. Ba3 b6 16. c4 Qxc4 17. Bxe7 Qxb3 18. axb3 Kxe7 19. Rxa7+ Kf6 20. g3 Rc3 21. Rb7 Rxb3 22. Rc1 Rb5 23. Rc6 Rd5 24. Rcxb6 Rxd4 25. Rb3 Rf8 26. Rf3+ Kg6 27. Re7 Re4 28. Kg2 f6 29. Rb3 Rf7 30. Rbb7 Rxe7 31. Rxe7 h5 32. h4 e5 33. Ra7 Rb4 34. Kf3 Rd4 35. Ra8 Kf5 36. Rh8 g6 37. Ra8 Rb4 38. Ra5 Rb3+ 39. Kg2 Rd3 40. Rb5 Ke6 41. Rb8 e4 42. Rb4 Ke5 43. Rb5+ Rd5 44. Rb6 Rd2 45. Rb5+ Rd5 46. Rb8 Kf5 47. Rb4 Re5 48. Ra4 Rb5 49. Ra8 Rc5 50. Rb8 Rc6 51. Ra8 Rd6 52. Rb8 Ke5 53. Re8+ Kd4 54. Rf8 f5 55. Ra8 Ke5 56. Re8+ Kf6 57. Ra8 Rd2 58. Kf1 Rd3 59. Ra6+ Kg7 60. Ra7+ Kh6 61. Re7 Rc3 62. Kg2 Rc8 63. Kf1 Rg8 64. Ke2 Rg7 65. Re8 Rf7 66. Ke3 Ra7 67. Ke2 Kg7 68. Kf1 Ra3 69. Kg2 Kf7 70. Re5 Ra6 71. Rc5 Re6 72. Rc3 Kf6 73. Ra3 Rd6 74. Ra8 Ke5 75. Re8+ Kd4 76. Ra8 Kd3 77. Kf1 Rc6 78. Rd8+ Kc4 79. Ke2 Kc5 80. Ke3 Rd6 81. Rc8+ Kd5 82. Ra8 Ke6 83. Re8+ Kf7 84. Re5 Rd3+ 85. Ke2 Rf3 86. Kf1 Kf6 87. Re8 Kf7 88. Re5 Ra3 89. Kg2 Ra2 90. Kf1 Ra1+ 91. Kg2 Re1 92. Kh2 Kf6 93. Re8 Rb1 94. Kg2 Rb3 95. Kf1 Rb7 96. Ke2 g5 97. hxg5+ Kxg5 98. Rg8+ Kf6 99. Rh8 Kg6 100. Rg8+ Rg7 101. Rb8 Kg5 102. Ke3 Kg4 103. Rh8 Rg6 104. Rh7 Kg5 105. Rh8 Rg7 106. Ra8 Rb7 107. Rg8+ Kf6 108. Rh8 Kg6 109. Rg8+ Rg7 110. Rb8 Kg5 111. Rh8 Rg6 112. Rb8 Kg4 113. Rh8 Rg7 114. Rh6 Rg8 115. Rh7 Kg5 116. Rb7 Ra8 117. Rg7+ Kf6 118. Rh7 Kg6 119. Rb7 Ra3+ 120. Ke2 h4 121. gxh4 Rh3 122. Rb8 Rxh4 123. Rg8+ Kf6 124. Rg2 Rh3 125. Rg8 Ke6 126. Ra8 Rh1 127. Rb8 Ra1 128. Rb3 Ra5 129. Rc3 Ke5 130. Rc8 Ra2+ 131. Ke1 f4 132. Kf1 Kf5 133. Rg8 Ra1+ 134. Kg2 f3+ 135. Kh2 Rf1 136. Rf8+ Ke5 137. Re8+ Kd4 138. Kg3 Kd3 139. Ra8 Rc1 140. Kf4 Rc4 141. Ra3+ Ke2 142. Ra2+ Kf1 143. Ke3 Kg2 144. Rb2 Ra4 145. Rc2 Ra1 146. Kxe4 Re1+ 147. Kd3 Kf1 148. Ra2 Re2 149. Ra8 Kxf2 150. Rh8 Re7 151. Rg8 Kf1 152. Kd2 f2 0-1